| 000 | 00660nam a2200169Ia 4500 | ||
|---|---|---|---|
| 008 | 090711s9999 xx 000 0 und d | ||
| 082 | _b117 | ||
| 100 | _aराऊळ वि. ग. | ||
| 245 | _aभाजीपाला लागवड (आधुनिक तंत्र) | ||
| 260 |
_bकॉन्टीनेन्टल प्रकाशन _c1997 |
||
| 300 | _a239 | ||
| 600 | _aराऊळ वि. ग. | ||
| 630 | _aभाजीपाला लागवड (आधुनिक तंत्र) | ||
| 700 | _aराऊळ वि. ग. | ||
| 730 | _aभाजीपाला लागवड (आधुनिक तंत्र) | ||
| 942 | _cBOOK | ||
| 999 |
_c323569 _d323569 |
||